00574nam a22001575i 450000100060000000300090000600500170001500700030003200800410003504000200007610000240009624501860012026000630030630000210036985200260039048783ES-MaACL20230906161823.0t|950731s1822 sp ||||1| spa d aCAM bspa cCAM1 aDíez, Hilarión.10aContestación que el Provl. de Agustinos Calzados de Filipinas con fecha 5 de febrero de 1822 ha dado a la Diputación Provincial de Manila sobre misiones / c[Hilarión Díez]. aMadrid : b[s.n.], c1822 (fLeonardo Núñez de Vargas) a14 p. ; c21 cm. aES-MaACLjFol-Laf-321